[Event "27. ekipno prvenstvo RH"]
[Site "Biograd na Moru"]
[Date "2018.09.08"]
[Round "1.11"]
[White "Hracek, Zbynek"]
[Black "Ponkratov, Pavel"]
[Result "1/2-1/2"]
[WhiteElo "2557"]
[BlackElo "2622"]
[PlyCount "57"]
[EventDate "2018.??.??"]

1. e4 e5 2. Nf3 Nf6 3. Nxe5 d6 4. Nf3 Nxe4 5. d4 d5 6. Bd3 Be7 7. O-O Nc6 8. c4
Nb4 9. Be2 O-O 10. Nc3 Be6 11. Ne5 c5 12. Nxe4 dxe4 13. d5 Bc8 14. f4 f6 15.
Ng4 Bxg4 16. Bxg4 f5 17. Be2 Bf6 18. Be3 Bd4 19. Bxd4 cxd4 20. Qxd4 Nc2 21. Qc3
Nxa1 22. Rxa1 Qd6 23. c5 Qxf4 24. d6 Kh8 25. b4 Qg5 26. Rd1 f4 27. Qd2 Qh4 28.
Qd4 Rae8 29. d7 1/2-1/2

[Event "27. ekipno prvenstvo RH"]
[Site "Biograd na Moru"]
[Date "2018.09.08"]
[Round "1.12"]
[White "Predke, Alexandr"]
[Black "Leventic, Ivan"]
[Result "1-0"]
[WhiteElo "2612"]
[BlackElo "2411"]
[PlyCount "77"]
[EventDate "2018.??.??"]

1. e4 e5 2. Nf3 Nf6 3. d4 Nxe4 4. Bd3 d5 5. Nxe5 Nd7 6. Nxd7 Bxd7 7. O-O Qh4 8.
c4 Nf6 9. Nd2 Qxd4 10. Re1+ Be6 11. Nb3 Qb6 12. Be3 c5 13. cxd5 Nxd5 14. Bd2
Be7 15. Qh5 Nf6 16. Qh4 Nd7 17. Qe4 g6 18. Bc4 O-O 19. Bxe6 fxe6 20. Qc4 Kf7
21. Re3 Bf6 22. Rae1 Rfe8 23. Rf3 Kg7 24. Bc3 Bxc3 25. Qxc3+ e5 26. Nd2 Qb4 27.
Qc1 Qd4 28. Ne4 Rf8 29. Ng5 Rae8 30. Rd1 Qa4 31. Rh3 h5 32. Ra3 Qc6 33. Rad3
Nf6 34. Rd6 Qc8 35. Qc4 Kh6 36. Ne6 Rxe6 37. Rxe6 Ng4 38. Rdd6 Rg8 39. h3 1-0

[Event "27. ekipno prvenstvo RH"]
[Site "Biograd na Moru"]
[Date "2018.09.08"]
[Round "1.13"]
[White "Zivkovic, Vjekoslav"]
[Black "Martinovic, Sasa"]
[Result "0-1"]
[WhiteElo "2358"]
[BlackElo "2567"]
[PlyCount "98"]
[EventDate "2018.??.??"]

1. e4 c5 2. Nf3 d6 3. Bb5+ Nd7 4. a4 Ngf6 5. d3 g6 6. O-O Bg7 7. Nbd2 O-O 8. a5
a6 9. Bxd7 Nxd7 10. Nc4 b5 11. axb6 Nxb6 12. Nxb6 Qxb6 13. Ra2 f5 14. Nd2 fxe4
15. dxe4 a5 16. Nc4 Qc6 17. Qd3 Be6 18. b3 a4 19. Bg5 axb3 20. Rxa8 Rxa8 21.
cxb3 Qb7 22. Be3 Rb8 23. Nxd6 exd6 24. Qxd6 Re8 25. Bxc5 Qxe4 26. f3 Qe2 27. b4
Bc4 28. Rd1 Bf6 29. Qd2 Qxd2 30. Rxd2 Re1+ 31. Kf2 Rf1+ 32. Kg3 Be5+ 33. Kg4
Be6+ 34. Kg5 Kg7 35. Bd6 h6+ 36. Kh4 g5+ 37. Kh5 Bf7+ 38. Kg4 Be6+ 39. Kh5 Bc3
40. Rc2 Rd1 41. Rxc3 Rxd6 42. Rc7+ Rd7 43. Rxd7+ Bxd7 44. g3 Bc6 45. Kg4 Kg6
46. f4 h5+ 47. Kh3 g4+ 48. Kh4 Bd7 49. f5+ Bxf5 0-1

[Event "27. ekipno prvenstvo RH"]
[Site "Biograd na Moru"]
[Date "2018.09.08"]
[Round "1.14"]
[White "Cvitan, Ognjen"]
[Black "Mrkonjic, Nenad"]
[Result "1/2-1/2"]
[WhiteElo "2489"]
[BlackElo "2352"]
[PlyCount "37"]
[EventDate "2018.??.??"]

1. d4 e6 2. Nf3 d5 3. c4 Nf6 4. Nc3 c6 5. e3 Be7 6. Bd3 dxc4 7. Bxc4 b5 8. Bd3
a6 9. e4 c5 10. e5 Nd5 11. Nxd5 Qxd5 12. O-O cxd4 13. Re1 Bb7 14. Be4 Qd7 15.
Bxb7 Qxb7 16. Qxd4 Nc6 17. Qe4 Rd8 18. Be3 O-O 19. Red1 1/2-1/2

[Event "27. ekipno prvenstvo RH"]
[Site "Biograd na Moru"]
[Date "2018.09.08"]
[Round "1.15"]
[White "Feletar, Darko"]
[Black "Kurajica, Bojan"]
[Result "1/2-1/2"]
[WhiteElo "2364"]
[BlackElo "2526"]
[PlyCount "73"]
[EventDate "2018.??.??"]

1. e4 c5 2. Nf3 Nc6 3. d4 cxd4 4. Nxd4 Qc7 5. Nc3 e6 6. Be3 a6 7. Qd2 b5 8. f3
Ne5 9. O-O-O Bb7 10. Kb1 Rc8 11. Bf4 f6 12. Nb3 Bb4 13. Bxe5 fxe5 14. Bxb5 axb5
15. Nxb5 Bxd2 16. Nxc7+ Rxc7 17. Rxd2 Nf6 18. Re1 g5 19. Na5 Ba6 20. Rd6 Ra7
21. c4 Ke7 22. Rb6 Rc8 23. Rc1 Ne8 24. b4 Rca8 25. Rd1 Nc7 26. a3 Rf8 27. h3 h5
28. Rbd6 Bc8 29. R6d3 Ra6 30. Kb2 d6 31. R1d2 Rd8 32. Rd1 Rxa5 33. bxa5 Na6 34.
Rb3 Nc5 35. Rb8 Kd7 36. Kc3 Kc7 37. Rdb1 1/2-1/2

[Event "27. ekipno prvenstvo RH"]
[Site "Biograd na Moru"]
[Date "2018.09.08"]
[Round "1.16"]
[White "Rogic, Davor"]
[Black "Jukic, Branimir"]
[Result "1-0"]
[WhiteElo "2519"]
[BlackElo "2377"]
[PlyCount "65"]
[EventDate "2018.??.??"]

1. e4 c5 2. Nf3 e6 3. d4 cxd4 4. Nxd4 Nf6 5. Nc3 Nc6 6. a3 Be7 7. Be3 O-O 8.
Be2 d6 9. g4 d5 10. exd5 Nxd5 11. Nxd5 Qxd5 12. Bf3 Qa5+ 13. b4 Qc7 14. Nxc6
bxc6 15. Qd3 Rb8 16. Qc4 a5 17. c3 Qe5 18. Rc1 Bg5 19. Qe4 Qf6 20. O-O Bb7 21.
Bxg5 Qxg5 22. Qe3 Qh4 23. Rfd1 c5 24. bxc5 Bxf3 25. Qxf3 Rb5 26. c6 Rc5 27. Rd7
h5 28. c7 g6 29. Rb1 hxg4 30. Qe3 g3 31. hxg3 Qc4 32. Qxc5 Qxc5 33. Rb8 1-0

[Event "27. ekipno prvenstvo RH"]
[Site "Biograd na Moru"]
[Date "2018.09.08"]
[Round "1.21"]
[White "Tomashevsky, Evgeny"]
[Black "Bosiocic, Marin"]
[Result "1-0"]
[WhiteElo "2702"]
[BlackElo "2600"]
[PlyCount "77"]
[EventDate "2018.??.??"]

1. d4 Nf6 2. Nf3 e6 3. c4 d5 4. Nc3 Bb4 5. e3 O-O 6. Bd2 b6 7. cxd5 exd5 8. Rc1
Be7 9. Be2 Bb7 10. O-O Nbd7 11. Qc2 a6 12. Ne5 Bd6 13. f4 c5 14. Bf3 cxd4 15.
exd4 b5 16. Be1 Rc8 17. Qf5 b4 18. Ne2 Rxc1 19. Nxc1 g6 20. Qc2 Ne4 21. Ncd3 a5
22. Bf2 Bb8 23. Rc1 Nxf2 24. Qxf2 Ba7 25. Nxd7 Qxd7 26. Nc5 Rc8 27. g3 Qd6 28.
Kg2 Bxc5 29. Rxc5 Rxc5 30. dxc5 Qf6 31. Qd2 Qe7 32. Qd4 Qe1 33. g4 Qb1 34. h4
Qxa2 35. h5 gxh5 36. gxh5 Qb1 37. Qe5 Qc2+ 38. Kg3 Qxc5 39. Qg5+ 1-0

[Event "27. ekipno prvenstvo RH"]
[Site "Biograd na Moru"]
[Date "2018.09.08"]
[Round "1.22"]
[White "Beliavsky, Alexander G"]
[Black "Saric, Ivan"]
[Result "1/2-1/2"]
[WhiteElo "2540"]
[BlackElo "2689"]
[PlyCount "113"]
[EventDate "2018.??.??"]

1. d4 Nf6 2. c4 g6 3. Nc3 Bg7 4. e4 d6 5. Nf3 O-O 6. Be2 e5 7. O-O Nc6 8. d5
Ne7 9. Nd2 a5 10. Rb1 Nd7 11. a3 f5 12. b4 Kh8 13. Qc2 Nf6 14. f3 axb4 15. axb4
c6 16. Nb3 b5 17. c5 fxe4 18. fxe4 cxd5 19. Bg5 dxe4 20. cxd6 Qxd6 21. Nxb5
Qb6+ 22. Qc5 Qxc5+ 23. Nxc5 Ned5 24. Bc4 Rb8 25. Nd6 e3 26. Bxf6 Nxf6 27. Nf7+
Rxf7 28. Bxf7 Bf5 29. Rb3 e2 30. Re1 Bf8 31. Rxe2 Kg7 32. Bc4 Rxb4 33. Ne6+
Bxe6 34. Bxe6 Bc5+ 35. Kf1 Rf4+ 36. Ke1 Bb4+ 37. Kd1 Rd4+ 38. Kc2 e4 39. Rb1 h5
40. Rd1 Bc5 41. Rxd4 Bxd4 42. g3 Kh6 43. Kb3 Bg1 44. Rg2 Bb6 45. Kc4 Kg5 46.
Ra2 Bg1 47. Bc8 e3 48. Kd3 Kh6 49. Rb2 Kg5 50. Be6 Kh6 51. Ra2 Kg5 52. h3 Bf2
53. Ra5+ Kh6 54. g4 Ne4 55. Ke2 Ng5 56. Bc4 h4 57. Rxg5 1/2-1/2

[Event "27. ekipno prvenstvo RH"]
[Site "Biograd na Moru"]
[Date "2018.09.08"]
[Round "1.23"]
[White "Markus, Robert"]
[Black "Sebenik, Matej"]
[Result "1/2-1/2"]
[WhiteElo "2613"]
[BlackElo "2570"]
[PlyCount "46"]
[EventDate "2018.??.??"]

1. d4 Nf6 2. c4 e6 3. Nf3 d5 4. g3 Be7 5. Bg2 O-O 6. O-O dxc4 7. Qc2 a6 8. a4
Bd7 9. Qxc4 Bc6 10. Bf4 Bd6 11. Qc1 a5 12. Nc3 Na6 13. Bg5 h6 14. Bd2 Re8 15.
Rd1 Qe7 16. Qb1 Bb4 17. Re1 Bxf3 18. Bxf3 c5 19. dxc5 Nxc5 20. Qa2 Red8 21.
Red1 Rac8 22. Be1 Rxd1 23. Rxd1 Rd8 1/2-1/2

[Event "27. ekipno prvenstvo RH"]
[Site "Biograd na Moru"]
[Date "2018.09.08"]
[Round "1.24"]
[White "Tica, Sven"]
[Black "Kuljasevic, Davorin"]
[Result "1/2-1/2"]
[WhiteElo "2442"]
[BlackElo "2548"]
[PlyCount "38"]
[EventDate "2018.??.??"]

1. d4 Nf6 2. c4 e6 3. g3 d5 4. Bg2 dxc4 5. Nf3 Bd7 6. Ne5 Bc6 7. Nxc6 Nxc6 8.
O-O Qd7 9. e3 Rd8 10. Nc3 Be7 11. Qe2 e5 12. Qxc4 exd4 13. exd4 Nxd4 14. Be3 c5
15. Rad1 O-O 16. Bxd4 cxd4 17. Ne2 b5 18. Qb3 d3 19. Nf4 Qf5 1/2-1/2

[Event "27. ekipno prvenstvo RH"]
[Site "Biograd na Moru"]
[Date "2018.09.08"]
[Round "1.25"]
[White "Plenca, Jadranko"]
[Black "Golubovic, Boris"]
[Result "1/2-1/2"]
[WhiteElo "2477"]
[BlackElo "2386"]
[PlyCount "49"]
[EventDate "2018.??.??"]

1. e4 c5 2. Nf3 e6 3. c3 d5 4. exd5 Qxd5 5. d4 Nf6 6. Na3 Be7 7. Be2 O-O 8. O-O
Nc6 9. Nb5 Qd8 10. dxc5 Bxc5 11. Bg5 a6 12. Nbd4 Nxd4 13. cxd4 Be7 14. Qb3 Nd5
15. Bxe7 Nxe7 16. Bd3 Bd7 17. Ne5 Bc6 18. Nxc6 bxc6 19. Rfd1 Qd6 20. Qc2 g6 21.
Rac1 a5 22. Be4 Rfb8 23. Rd3 Rb4 24. Qd2 Rab8 25. g3 1/2-1/2

[Event "27. ekipno prvenstvo RH"]
[Site "Biograd na Moru"]
[Date "2018.09.08"]
[Round "1.26"]
[White "Zelenika, Srdjan"]
[Black "Jovanic, Ognjen"]
[Result "0-1"]
[WhiteElo "2217"]
[BlackElo "2512"]
[PlyCount "68"]
[EventDate "2018.??.??"]

1. e4 c5 2. Nf3 e6 3. d4 cxd4 4. Nxd4 Nc6 5. Nc3 Qc7 6. Be2 a6 7. Nxc6 bxc6 8.
Qd3 Nf6 9. Bd2 d5 10. O-O Be7 11. exd5 cxd5 12. Qg3 Qxg3 13. hxg3 Bd7 14. Bf3
Rb8 15. Rab1 O-O 16. Rfe1 Rfe8 17. Rec1 Bd6 18. g4 h6 19. g5 hxg5 20. Bxg5 Rec8
21. Rd1 Be5 22. Be2 a5 23. Bd3 a4 24. Re1 Bd4 25. Bf4 e5 26. Bg5 Bxc3 27. bxc3
Rxb1 28. Rxb1 e4 29. Ba6 Rxc3 30. Rb8+ Kh7 31. Rd8 Be6 32. Bb5 Rxc2 33. Bxa4
Rxa2 34. Bc6 Ng4 0-1

[Event "27. ekipno prvenstvo RH"]
[Site "Biograd na Moru"]
[Date "2018.09.08"]
[Round "1.32"]
[White "Pikula, Dejan"]
[Black "Georgiev, Kiril"]
[Result "0-1"]
[WhiteElo "2469"]
[BlackElo "2590"]
[PlyCount "72"]
[EventDate "2018.??.??"]

1. e4 c5 2. Nf3 d6 3. d4 cxd4 4. Nxd4 Nf6 5. Nc3 a6 6. Be3 e6 7. f3 b5 8. g4 h6
9. Qd2 Nbd7 10. a3 Ne5 11. Rg1 g5 12. O-O-O Be7 13. Kb1 Bb7 14. h4 Nfd7 15.
hxg5 hxg5 16. Be2 Rh2 17. Qc1 Rc8 18. Rh1 Rh4 19. Qd2 Nb6 20. b3 Ng6 21. Rxh4
Nxh4 22. Rh1 d5 23. e5 Nd7 24. f4 Qa5 25. fxg5 Ng6 26. Nxe6 Qxc3 27. Ng7+ Kd8
28. e6 Qxg7 29. exd7 Kxd7 30. Bd4 Bxg5 31. Qd3 Ne5 32. Qf5+ Kd6 33. Rh7 Qf6 34.
Bxe5+ Qxe5 35. Qxf7 Bc6 36. Qg6+ Bf6 0-1

[Event "27. ekipno prvenstvo RH"]
[Site "Biograd na Moru"]
[Date "2018.09.08"]
[Round "1.33"]
[White "Muse, Drazen"]
[Black "Jovanovic, Zoran"]
[Result "0-1"]
[WhiteElo "2352"]
[BlackElo "2540"]
[PlyCount "66"]
[EventDate "2018.??.??"]

1. d4 d6 2. e4 Nf6 3. Nc3 e5 4. dxe5 dxe5 5. Qxd8+ Kxd8 6. Bc4 Ke8 7. Nf3 Bd6
8. Ng5 Rf8 9. Nd5 Nbd7 10. f4 Nxd5 11. Bxd5 h6 12. fxe5 Nxe5 13. Nf3 c6 14. Bb3
a5 15. a4 Be6 16. Bxe6 fxe6 17. Ke2 Rd8 18. Nxe5 Bxe5 19. Be3 Rf6 20. c3 Rg6
21. g3 h5 22. Bf2 Rg4 23. Ke3 Bc7 24. h3 Rg6 25. Ke2 Bxg3 26. Bb6 Rd7 27. Bxa5
Bf4 28. Rhg1 Rd2+ 29. Kf3 Rxg1 30. Rxg1 g5 31. h4 Rd3+ 32. Ke2 Re3+ 33. Kf2 g4
0-1

[Event "27. ekipno prvenstvo RH"]
[Site "Biograd na Moru"]
[Date "2018.09.08"]
[Round "1.36"]
[White "Bozinovic, Bogdan"]
[Black "Zivkovic, Nikola"]
[Result "1/2-1/2"]
[WhiteElo "2229"]
[BlackElo "2144"]
[PlyCount "99"]
[EventDate "2018.??.??"]

1. d4 Nf6 2. c4 g6 3. Nc3 Bg7 4. e4 d6 5. Nge2 O-O 6. Ng3 e5 7. d5 a5 8. Be2
Na6 9. h4 h5 10. Bg5 Qe8 11. Qd2 Nh7 12. Bh6 f6 13. Be3 Bd7 14. O-O-O Nc5 15.
f3 a4 16. Nf1 f5 17. Bd3 Nxd3+ 18. Qxd3 f4 19. Bf2 a3 20. b3 Qe7 21. Nd2 Rfc8
22. Kb1 Kh8 23. Ka1 Ra5 24. Ndb1 Bf8 25. Be1 Ra7 26. Nb5 Bxb5 27. cxb5 Nf6 28.
Bb4 Rca8 29. Rc1 b6 30. Be1 Qf7 31. Rc3 Bg7 32. Nd2 Qd7 33. Rc6 Qf7 34. Kb1 Rg8
35. Rc2 Ne8 36. Nc4 Qd7 37. Qe2 Bf6 38. Nd2 Kh7 39. Kc1 Rg7 40. Nb1 Qd8 41. Qf2
Be7 42. Bb4 Qa8 43. Be1 Nf6 44. Rc4 Qe8 45. Rc6 Nd7 46. Qe2 Qd8 47. Nc3 Nc5 48.
Qc2 Qa8 49. Nb1 Bd8 50. Nc3 1/2-1/2

[Event "27. ekipno prvenstvo RH"]
[Site "Biograd na Moru"]
[Date "2018.09.08"]
[Round "1.41"]
[White "Abasov, Nijat"]
[Black "Movsesian, Sergei"]
[Result "1/2-1/2"]
[WhiteElo "2632"]
[BlackElo "2645"]
[PlyCount "65"]
[EventDate "2018.??.??"]

1. Nf3 d5 2. c4 e6 3. d4 Nf6 4. Nc3 Bb4 5. Bg5 h6 6. Bxf6 Qxf6 7. e3 O-O 8. Rc1
Nc6 9. cxd5 exd5 10. a3 Bxc3+ 11. Rxc3 Ne7 12. Ne5 c6 13. Bd3 Bf5 14. O-O Rfd8
15. b4 a6 16. a4 Ng6 17. Nxg6 Qxg6 18. Bxf5 Qxf5 19. Qb1 Qe6 20. Rfc1 Rd6 21.
Rc5 Qd7 22. Qd3 Rg6 23. b5 axb5 24. axb5 Ra2 25. bxc6 bxc6 26. R5c2 Rxc2 27.
Qxc2 Qg4 28. g3 Rf6 29. Rb1 g6 30. Rb6 Qd7 31. Kg2 Kg7 32. h3 h5 33. Ra6
1/2-1/2

[Event "27. ekipno prvenstvo RH"]
[Site "Biograd na Moru"]
[Date "2018.09.08"]
[Round "1.42"]
[White "Nguyen, Thai Dai Van"]
[Black "Bogut, Zeljko"]
[Result "1-0"]
[WhiteElo "2537"]
[BlackElo "2415"]
[PlyCount "97"]
[EventDate "2018.??.??"]

1. e4 c5 2. Nf3 Nc6 3. d4 cxd4 4. Nxd4 e5 5. Nb5 d6 6. N1c3 a6 7. Na3 Be6 8.
Nc4 Rc8 9. Be3 Nd4 10. Bxd4 Bxc4 11. Bxc4 Rxc4 12. Be3 Be7 13. Qd3 Rc6 14. O-O
Bg5 15. Nd5 Bxe3 16. Nxe3 Ne7 17. Rfd1 O-O 18. c4 Qc8 19. b3 f5 20. exf5 Nxf5
21. Nd5 Re8 22. Qe4 Rc5 23. Nb6 Qc6 24. Qxf5 Qxb6 25. Qd7 Rd8 26. Qe6+ Kh8 27.
Rd3 Rc6 28. Rad1 h6 29. Qe7 Qc7 30. Qxc7 Rxc7 31. Rxd6 Rxd6 32. Rxd6 b5 33.
Rxa6 bxc4 34. bxc4 Rxc4 35. Kf1 Rc2 36. h4 h5 37. Ra5 g6 38. Ra7 e4 39. a4 Ra2
40. a5 Kg8 41. a6 Kf8 42. Ke1 Kg8 43. Kd1 Kf8 44. Kc1 Kg8 45. Kb1 Rxf2 46. Rb7
e3 47. a7 e2 48. a8=Q+ Rf8 49. Qa2+ 1-0

[Event "27. ekipno prvenstvo RH"]
[Site "Biograd na Moru"]
[Date "2018.09.08"]
[Round "1.43"]
[White "Galic, Ivan"]
[Black "Sertic, Rudolf"]
[Result "0-1"]
[WhiteElo "2416"]
[BlackElo "2366"]
[PlyCount "85"]
[EventDate "2018.??.??"]

1. e4 e6 2. d4 d5 3. Nc3 dxe4 4. Nxe4 Nd7 5. Nf3 Ngf6 6. Bd3 c5 7. O-O Be7 8.
Qe2 cxd4 9. Nxd4 Nxe4 10. Bxe4 Nc5 11. Rd1 Nxe4 12. Qxe4 O-O 13. Be3 Qa5 14.
Nb3 Qh5 15. Bd4 Rd8 16. Rd3 Qg6 17. Qe2 f6 18. Rg3 Qf7 19. f4 b6 20. c3 Bd6 21.
Rf1 Bb7 22. h4 Re8 23. h5 e5 24. fxe5 Bxe5 25. Bxe5 Rxe5 26. Qxe5 fxe5 27. Rxf7
Kxf7 28. Kf2 Rd8 29. Ke1 Rd6 30. Rg5 Kf6 31. Rg3 Rd7 32. Nd2 Kf5 33. Nf1 Kf4
34. c4 Rc7 35. b3 b5 36. cxb5 Rc1+ 37. Ke2 Rc2+ 38. Ke1 Rxg2 39. Rc3 Bf3 40.
Rc7 Re2+ 41. Kd1 Rxa2+ 42. Ke1 Bxh5 43. Nd2 0-1

[Event "27. ekipno prvenstvo RH"]
[Site "Biograd na Moru"]
[Date "2018.09.08"]
[Round "1.44"]
[White "Biti, Ozren"]
[Black "Bender, Ivan"]
[Result "1-0"]
[WhiteElo "2366"]
[BlackElo "2261"]
[PlyCount "69"]
[EventDate "2018.??.??"]

1. e4 c5 2. Nc3 Nc6 3. f4 g6 4. Nf3 Bg7 5. Bc4 a6 6. d3 d6 7. O-O Nf6 8. Qe1
O-O 9. Qh4 b5 10. Bb3 b4 11. Ne2 Bg4 12. Be3 Na5 13. Ba4 Rb8 14. Rab1 Bh5 15.
f5 gxf5 16. exf5 Qc8 17. Ng3 Bxf3 18. Rxf3 Kh8 19. Nh5 Rg8 20. Rbf1 Nxh5 21.
Qxh5 Bxb2 22. Rh3 Rg7 23. Bh6 Qg8 24. Bxg7+ Bxg7 25. Rg3 Qf8 26. Rf4 Rb6 27.
Rfg4 Bd4+ 28. Kh1 d5 29. Qg5 h6 30. Qf4 e5 31. Qf3 Rf6 32. Bd7 Rd6 33. f6 e4
34. Rg8+ Qxg8 35. Rxg8+ 1-0

[Event "27. ekipno prvenstvo RH"]
[Site "Biograd na Moru"]
[Date "2018.09.08"]
[Round "1.46"]
[White "Filipovic, Marko"]
[Black "Ivankovic, Ivo"]
[Result "1-0"]
[WhiteElo "2321"]
[BlackElo "2110"]
[PlyCount "93"]
[EventDate "2018.??.??"]

1. d4 Nf6 2. Nf3 g6 3. g3 Bg7 4. Bg2 O-O 5. O-O d5 6. c4 c6 7. Na3 Nbd7 8. Bd2
Ne4 9. Be1 dxc4 10. Nxc4 Nd6 11. Na5 Qb6 12. b4 Qa6 13. Rc1 Nb6 14. Ne5 Be6 15.
a4 Bd5 16. Nd3 Nd7 17. Bxd5 cxd5 18. Nc5 Nxc5 19. dxc5 Nc4 20. Qxd5 Nxa5 21. b5
Qf6 22. Bxa5 b6 23. Bc3 Qf5 24. Qxf5 gxf5 25. Bxg7 Kxg7 26. c6 a6 27. Rfd1 axb5
28. axb5 Ra7 29. c7 Rc8 30. Rd7 Kf6 31. Rc6+ e6 32. f4 Rb7 33. Kf2 h5 34. Ke3
Ra7 35. Kd4 Ra1 36. Ke3 Ra3+ 37. Kd2 Ra2+ 38. Kc3 Ra7 39. Rxb6 Raxc7+ 40. Rxc7
Rxc7+ 41. Rc6 Ra7 42. b6 Ra1 43. Kb4 Rb1+ 44. Kc5 Ke7 45. Rc7+ Kf6 46. b7 e5
47. Rc6+ 1-0

[Event "27. ekipno prvenstvo RH"]
[Site "Biograd na Moru"]
[Date "2018.09.08"]
[Round "1.51"]
[White "Inarkiev, Ernesto"]
[Black "Malakhov, Vladimir"]
[Result "1-0"]
[WhiteElo "2679"]
[BlackElo "2666"]
[PlyCount "43"]
[EventDate "2018.??.??"]

1. d4 d5 2. c4 c6 3. Nf3 Nf6 4. Nc3 dxc4 5. a4 Bf5 6. e3 e6 7. Bxc4 Bb4 8. O-O
Nbd7 9. Qe2 Bg4 10. h3 Bxf3 11. Qxf3 O-O 12. Rd1 Rc8 13. Bd2 e5 14. Ne4 Bxd2
15. Rxd2 Nxe4 16. Qxe4 Qa5 17. Rad1 exd4 18. Rxd4 Nb6 19. Bxf7+ Kxf7 20. Qxh7
Qg5 21. Rf4+ Ke6 22. h4 1-0

[Event "27. ekipno prvenstvo RH"]
[Site "Biograd na Moru"]
[Date "2018.09.08"]
[Round "1.52"]
[White "Korobov, Anton"]
[Black "Romanov, Evgeny"]
[Result "1/2-1/2"]
[WhiteElo "2685"]
[BlackElo "2611"]
[PlyCount "39"]
[EventDate "2018.??.??"]

1. d4 d5 2. Bf4 Nf6 3. Nf3 e6 4. e3 Bd6 5. Bg3 O-O 6. Nbd2 c5 7. c3 Qc7 8. Bd3
Nbd7 9. O-O e5 10. dxe5 Nxe5 11. Nxe5 Bxe5 12. Qc2 Bxg3 13. hxg3 b6 14. e4 Bb7
15. exd5 Bxd5 16. Rfe1 Rfe8 17. Ne4 Bxe4 18. Bxe4 Nxe4 19. Rxe4 Qc6 20. Rae1
1/2-1/2

[Event "27. ekipno prvenstvo RH"]
[Site "Biograd na Moru"]
[Date "2018.09.08"]
[Round "1.54"]
[White "Kozul, Zdenko"]
[Black "Plenkovic, Zdenko"]
[Result "1-0"]
[WhiteElo "2600"]
[BlackElo "2418"]
[PlyCount "67"]
[EventDate "2018.??.??"]

1. d4 Nf6 2. c4 g6 3. Nc3 Bg7 4. e4 d6 5. Nf3 O-O 6. h3 Na6 7. Be3 c5 8. d5 e6
9. Bd3 Bd7 10. O-O e5 11. a3 Nh5 12. Re1 Nf4 13. Bf1 Kh8 14. Nb5 Qf6 15. g3 g5
16. gxf4 gxf4 17. Bd2 Qh6 18. Nh2 f5 19. Qf3 fxe4 20. Rxe4 Rf5 21. Ng4 Rg5 22.
Qh1 Rg8 23. f3 Qg6 24. Bd3 Bf5 25. Kf2 h5 26. Ke2 Bh6 27. Rf1 hxg4 28. hxg4
Bxe4 29. Bxe4 Qf6 30. Rf2 Kg7 31. Rh2 Rh8 32. Be1 Kg8 33. Bh4 Bg7 34. Bxg5 1-0

[Event "27. ekipno prvenstvo RH"]
[Site "Biograd na Moru"]
[Date "2018.09.08"]
[Round "1.55"]
[White "Loncar, Robert"]
[Black "Palac, Mladen"]
[Result "0-1"]
[WhiteElo "2409"]
[BlackElo "2540"]
[PlyCount "78"]
[EventDate "2018.??.??"]

1. e4 c5 2. Nf3 e6 3. d4 cxd4 4. Nxd4 Nc6 5. Nc3 Qc7 6. Be3 a6 7. Qd2 Nf6 8. f3
b5 9. g4 h6 10. Nxc6 dxc6 11. O-O-O e5 12. Kb1 Be6 13. Ne2 Rd8 14. Qe1 Rxd1+
15. Qxd1 h5 16. g5 Nd7 17. h4 Bc5 18. Bc1 O-O 19. Bh3 Bxh3 20. Rxh3 Re8 21. Ng3
g6 22. Rh2 Nf8 23. Rd2 Ne6 24. Ne2 Rd8 25. Rxd8+ Qxd8 26. Qf1 Qb6 27. f4 exf4
28. Nxf4 Nxf4 29. Qxf4 Qd8 30. Qf3 Qd4 31. a3 Qg1 32. e5 Qe1 33. Qf4 Bf8 34.
Qf6 Qe4 35. Bf4 Bg7 36. Qd8+ Kh7 37. Bg3 Bxe5 38. Bxe5 Qxe5 39. Qc8 Qe1+ 0-1

[Event "27. ekipno prvenstvo RH"]
[Site "Biograd na Moru"]
[Date "2018.09.08"]
[Round "1.56"]
[White "Jankovic, Alojzije"]
[Black "Sale, Srdjan"]
[Result "1/2-1/2"]
[WhiteElo "2558"]
[BlackElo "2428"]
[PlyCount "115"]
[EventDate "2018.??.??"]

1. d4 Nf6 2. Nf3 g6 3. c4 Bg7 4. Nc3 O-O 5. e4 d6 6. Be2 e5 7. O-O Nbd7 8. Qc2
c6 9. d5 c5 10. Bg5 h6 11. Bd2 Ne8 12. g3 Ndf6 13. Ne1 Nh7 14. Ng2 Bh3 15. f3
h5 16. Nd1 Qe7 17. Nf2 Bd7 18. Bd3 Ng5 19. Be2 Kh7 20. Kh1 Nh3 21. Bd3 Nf6 22.
Rae1 a6 23. a4 Nxf2+ 24. Rxf2 b5 25. f4 bxa4 26. f5 Ng4 27. Rf3 Bh6 28. Bc3 Nf6
29. Qe2 Rab8 30. Bc2 g5 31. Rff1 g4 32. Ra1 Qe8 33. Ra3 a5 34. Rfa1 Rb4 35.
R3a2 Rxc4 36. Ne3 Rd4 37. Bxd4 exd4 38. Nc4 Bb5 39. Rxa4 Nxd5 40. Rxa5 Nb4 41.
Bd3 d5 42. Rxb5 Qxb5 43. exd5 Re8 44. f6+ Kg8 45. Nd6 Rxe2 46. Bxb5 Rxb2 47.
Nc4 Ra2 48. Rxa2 Nxa2 49. d6 Bg5 50. Ne5 Bxf6 51. Nd7 Kg7 52. Nxc5 Nb4 53. Kg2
d3 54. Bxd3 Nc6 55. Be4 Nd8 56. Bd5 Be5 57. d7 Bd6 58. Nb7 1/2-1/2

[Event "27. ekipno prvenstvo RH"]
[Site "Biograd na Moru"]
[Date "2018.09.09"]
[Round "2.11"]
[White "Ponkratov, Pavel"]
[Black "Malakhov, Vladimir"]
[Result "1/2-1/2"]
[WhiteElo "2622"]
[BlackElo "2666"]
[PlyCount "79"]
[EventDate "2018.??.??"]

1. d4 d5 2. c4 c6 3. Nf3 Nf6 4. Nc3 dxc4 5. a4 Bf5 6. Ne5 e6 7. f3 c5 8. e4 Bg6
9. Be3 cxd4 10. Qxd4 Qxd4 11. Bxd4 Nfd7 12. Nxd7 Nxd7 13. Bxc4 a6 14. Ke2 Rg8
15. Rhd1 Rc8 16. Bb3 Bc5 17. a5 Bxd4 18. Rxd4 Ke7 19. Ba4 Rgd8 20. Rad1 Ne5 21.
Rxd8 Rxd8 22. Rxd8 Kxd8 23. b4 Kc7 24. Ke3 f6 25. Kd4 Kd6 26. b5 Nf7 27. Bb3
Nd8 28. Kc4 Be8 29. Kb4 axb5 30. Nxb5+ Bxb5 31. Kxb5 Kc7 32. Kc5 Nc6 33. Bxe6
Nxa5 34. f4 Nc6 35. Bc4 Ne7 36. Bb5 b6+ 37. Kd4 Kd6 38. e5+ fxe5+ 39. fxe5+ Ke6
40. Bc4+ 1/2-1/2

[Event "27. ekipno prvenstvo RH"]
[Site "Biograd na Moru"]
[Date "2018.09.09"]
[Round "2.13"]
[White "Martinovic, Sasa"]
[Black "Stevic, Hrvoje"]
[Result "1/2-1/2"]
[WhiteElo "2567"]
[BlackElo "2579"]
[PlyCount "35"]
[EventDate "2018.??.??"]

1. d4 d5 2. c4 dxc4 3. Nf3 Nf6 4. e3 e6 5. Bxc4 c5 6. O-O a6 7. Nc3 b5 8. Be2
Nbd7 9. d5 exd5 10. Nxd5 Bb7 11. Nxf6+ Qxf6 12. a4 b4 13. e4 h6 14. Ra2 Bd6 15.
b3 Ne5 16. Bb2 Nxf3+ 17. Bxf3 Be5 18. Bxe5 1/2-1/2

[Event "27. ekipno prvenstvo RH"]
[Site "Biograd na Moru"]
[Date "2018.09.09"]
[Round "2.14"]
[White "Kozul, Zdenko"]
[Black "Cvitan, Ognjen"]
[Result "1-0"]
[WhiteElo "2600"]
[BlackElo "2489"]
[PlyCount "55"]
[EventDate "2018.??.??"]

1. d4 Nf6 2. c4 e6 3. g3 d5 4. Bg2 Be7 5. Nf3 O-O 6. O-O c6 7. b3 Nbd7 8. Bb2
b6 9. Nc3 Bb7 10. Qd3 Rc8 11. Rfd1 Re8 12. e4 dxe4 13. Nxe4 c5 14. Nxf6+ Bxf6
15. Ng5 Bxg5 16. Bxb7 Rc7 17. Bg2 Bf6 18. Qe3 Qb8 19. Rab1 cxd4 20. Bxd4 Rcc8
21. Bc3 Red8 22. Bb4 Nc5 23. Rxd8+ Rxd8 24. Bxc5 bxc5 25. Qxc5 Rd2 26. Qa5 Rc2
27. Be4 Bd8 28. Qa4 1-0

[Event "27. ekipno prvenstvo RH"]
[Site "Biograd na Moru"]
[Date "2018.09.09"]
[Round "2.15"]
[White "Kurajica, Bojan"]
[Black "Palac, Mladen"]
[Result "1/2-1/2"]
[WhiteElo "2526"]
[BlackElo "2540"]
[PlyCount "40"]
[EventDate "2018.??.??"]

1. Nf3 d5 2. e3 Nf6 3. c4 e6 4. b3 b6 5. cxd5 exd5 6. Bb5+ c6 7. Be2 Bd6 8. Ba3
Bxa3 9. Nxa3 Qe7 10. Qc1 O-O 11. O-O c5 12. d4 Bg4 13. Rd1 Nc6 14. Nb5 Rfd8 15.
Qa3 Ne4 16. Rac1 a6 17. Nc3 Qf6 18. Qb2 cxd4 19. Nxe4 dxe4 20. Nxd4 Nxd4
1/2-1/2